00513nam a2200145Ia 4500003000900000008004100009020002600050040001600076100002300092245006400115260003200179300002000211490003300231856010300264IN-BaIIA211028s9999 xx s 000 0 eng d a9780819434555 (Print) cIIA Library aLuo, Qingming, ed. 0a1999 International Conference on Biomedical Opticsh[eBook] aWashington, USAbSPIEc1999 aOnline resource aProceedings of SPIE; V. 3863 uhttps://www.spiedigitallibrary.org/conference-proceedings-of-spie/3863yClick Here to Access eBook